000 00520nam a2200169Ia 4500
003 LDD
008 190117s9999 xx 000 0 und d
020 _a8121403456
_c₹350
040 _cLDD
041 _ahi
082 _a8H3.7 या 4668 य
100 _aयादव, राजेन्द्र
245 0 _aयहाँ तक-पडाव भाग 1-2
_cराजेन्द्र यादव
260 _aनयी दिल्ली
_bनेशनल
_c1990
300 _aभाग 2
942 _2ddc
_cH
999 _c167718
_d167718